Co to za miasto? (lubelskie) - Statystyki

Ogólne statystyki
  • Ten quiz został rozwiązany 480 razy
  • Średni wynik to 6 z 9
Statystyki odpowiedzi
Obrazkowy Hint Odpowiedź % Poprawnych
Rynek, wąwozy, kamienice Kazimierz Dolny
89%
Trolejbusy, Zamek Lublin
89%
Rynek, druga Wenecja Zamość
89%
Lotnisko, duże miasto Świdnik
84%
Uzdrowisko, Woda Nałęczów
76%
Szkoła Lotnicza Dęblin
73%
Dwa mosty, Czartoryscy Puławy
54%
Ser żółty, Poniatowscy Ryki
45%
Stawy, zalew, Poniatowscy Poniatowa
36%
Nie znaleziono quizów pasujących do podanych kryteriów
Rozkład punktacji
Procent ludzi z każdym wynikiem
Percentyl według liczby udzielonych odpowiedzi
Twoja historia wyników
Nie rozwiązałeś tego quizu